000
003340000a22001450004500
005
20120302062826.0
942
_c
BOOK
100
_a
BHARTRUHARI YOGINDRA
245
_a
SUBHASHIT TRI SHATI
250
_a
4 TH
260
_a
MUMBAI: NIRNAY SAGAR ,1914
300
_a
175 P.
040
_a
SAN
650
_a
SANSKRUT BHASHA / SUBHASHIT
999
_c
357779
_d
357776